Total factor productivity growth in east Asia: a critical survey (Record no. 271344)

000 -LEADER
fixed length control field 00473cam a22001457a 4500
008 - FIXED-LENGTH DATA ELEMENTS--GENERAL INFORMATION
fixed length control field 180718b1997 xxu||||| |||| 00| 0 eng d
082 ## - DEWEY DECIMAL CLASSIFICATION NUMBER
Classification number T2531x F33
100 ## - MAIN ENTRY--PERSONAL NAME
Personal name Felipe, Jesus
245 ## - TITLE STATEMENT
Title Total factor productivity growth in east Asia: a critical survey
Statement of responsibility, etc. by Jesus Felipe
260 ## - PUBLICATION, DISTRIBUTION, ETC.
Place of publication, distribution, etc. Washington, D.C.
Name of publisher, distributor, etc. World Bank
Date of publication, distribution, etc. 1997
300 ## - PHYSICAL DESCRIPTION
Extent 43p.
440 ## - SERIES STATEMENT/ADDED ENTRY--TITLE
Title EDRC report series number 65
650 ## - SUBJECT ADDED ENTRY--TOPICAL TERM
Topical term or geographic name entry element Industrial productivity - East Asia
650 ## - SUBJECT ADDED ENTRY--TOPICAL TERM
Topical term or geographic name entry element Productivity accounting
Holdings
Withdrawn status Lost status Damaged status Not for loan Permanent Location Current Location Date acquired Full call number Barcode Date last seen Price effective from Koha item type
        Indian Institute of Public Administration Indian Institute of Public Administration 1998-01-01 T2531x F33 WB7589 2018-07-20 2018-07-20 WB

Powered by Koha